000 00434nam a2200181Ia 4500
001 17396
005 20260306171514.0
008 260306s9999||||xx |||||||||||||| ||und||
041 _aESP
082 _a657.835045
_bR75
100 _aRodríguez Huasupoma, Willy
_eAUT
245 0 _aAuditoría gubernamental
260 _c2022
300 _a127 páginas :
_c24 cm.
650 _aGEN
654 _aCCO
942 _cLIB
_dJUS
_fJUS
_2ddc
_n
999 _c17396
_d17396